| 000 -LEADER |
| fixed length control field |
01011nam a22002297a 4500 |
| 008 - FIXED-LENGTH DATA ELEMENTS--GENERAL INFORMATION |
| fixed length control field |
250527b xxu||||| |||| 00| 0 eng d |
| 040 ## - CATALOGING SOURCE |
| Original cataloging agency |
Cagayan State University |
| Description conventions |
RDA |
| 082 ## - DEWEY DECIMAL CLASSIFICATION NUMBER |
| Classification number |
791.4372 |
| Item number |
A6158 |
| 245 ## - TITLE STATEMENT |
| Title |
Anora 2024 / directed and written by Sean Baker; produced by Alex Coco, Samantha Quan, Sean Baker. |
| 260 ## - PUBLICATION, DISTRIBUTION, ETC. (IMPRINT) |
| Place of publication, distribution, etc |
United States: |
| Name of publisher, distributor, etc |
Film Nation Entertainment, |
| Date of publication, distribution, etc |
2024. |
| 300 ## - PHYSICAL DESCRIPTION |
| Extent |
1 videofile, (ca. 139 mins.) : |
| Other physical details |
sound, color. |
| 520 ## - SUMMARY, ETC. |
| Summary, etc |
Anora, a young stripper from Brooklyn, gets her chance at a Cinderella story when she meets and impulsively marries the son of an oligarch. Once the news reaches Russia, her fairytale is threatened as the parents set out for New York to get the marriage annulled. |
| 546 ## - LANGUAGE NOTE |
| Language note |
In English subtitle. |
| 650 ## - SUBJECT ADDED ENTRY--TOPICAL TERM |
| Topical term or geographic name as entry element |
Comedy. |
| 650 ## - SUBJECT ADDED ENTRY--TOPICAL TERM |
| Topical term or geographic name as entry element |
Drama. |
| 650 ## - SUBJECT ADDED ENTRY--TOPICAL TERM |
| Topical term or geographic name as entry element |
Romance. |
| 700 ## - ADDED ENTRY--PERSONAL NAME |
| Personal name |
Madison, Mikey, star. |
| 700 ## - ADDED ENTRY--PERSONAL NAME |
| Personal name |
Weissman, Paul, star. |
| 700 ## - ADDED ENTRY--PERSONAL NAME |
| Personal name |
Borisov, Yura, star. |
| 700 ## - ADDED ENTRY--PERSONAL NAME |
| Personal name |
Daniels, Drew, cinematographer. |
| 942 ## - ADDED ENTRY ELEMENTS (KOHA) |
| Source of classification or shelving scheme |
|
| Item type |
Audio-Visual Materials |